000 00383 a2200169 4500
003 OSt
005 20211112091110.0
008 211112b |||||||| |||| 00| 0 eng d
020 _a9781844070886
040 _cHU
082 _a338
100 _aROBERT CHAMBERS
_97014
245 _aIDEAS FOR DEVELOPMENT
260 _aLONDON
_bHALL
_c2005
300 _a268
942 _2ddc
_cBOOKS
_n0
999 _c17825
_d17825